Welcome to UE Central Library

Keep Smiling

Looka yonder (Record no. 26078)

MARC details
000 -LEADER
fixed length control field 00866nam a22001937a 4500
005 - DATE AND TIME OF LATEST TRANSACTION
control field 20260416155822.0
008 - FIXED-LENGTH DATA ELEMENTS--GENERAL INFORMATION
fixed length control field 260416b |||||||| |||| 00| 0 eng d
020 ## - INTERNATIONAL STANDARD BOOK NUMBER
International Standard Book Number 041500716X (pbk)
040 ## - CATALOGING SOURCE
Transcribing agency UE-CL
082 ## - DEWEY DECIMAL CLASSIFICATION NUMBER
Classification number 973.9
Item number W391
100 ## - MAIN ENTRY--PERSONAL NAME
Personal name Webster, Duncan
245 ## - TITLE STATEMENT
Title Looka yonder
Statement of responsibility, etc / Duncan Webster
260 ## - PUBLICATION, DISTRIBUTION, ETC. (IMPRINT)
Place of publication, distribution, etc New York:
Name of publisher, distributor, etc Routledge,
Date of publication, distribution, etc 1988
300 ## - PHYSICAL DESCRIPTION
Extent 271 p.
546 ## - LANGUAGE NOTE
Language note English
650 ## - SUBJECT ADDED ENTRY--TOPICAL TERM
Topical term or geographic name as entry element Looka--Yonder
942 ## - ADDED ENTRY ELEMENTS (KOHA)
Koha item type Books
505 ## - FORMATTED CONTENTS NOTE
Formatted contents note 1 Family fields: the farming narrative<br/><br/>2 Country images: from Steinbeck's Okies to Hollywood's heartland<br/><br/>3 Sam Shepard's cowboy mouth: representing masculinity<br/><br/>4 'Things fall apart': loss in recent American fiction<br/><br/>5 American crime: 'Debts no honest man could pay'<br/><br/>6 'Are you ready for the country?': tradition and American music<br/><br/>7 The long reaction: 'Americanization' and cultural criticism
Holdings
Withdrawn status Damaged status Not for loan Home library Current library Date acquired Full call number Barcode Date last seen Price effective from Koha item type
    Not For Loan UE-Central Library UE-Central Library 16.04.2026 973.9 W391 T5995D 16.04.2026 16.04.2026 Books
Copyright © 2023, University of Education, Lahore. All Rights Reserved.
Email:centrallibrary@ue.edu.pk